00000000nam 2200000za 4500
0019.840734
003CaOODSP
00520221107151921
007cr |||||||||||
008170803s1977    onc    #o    f000 0 eng d
040 |aCaOODSP|beng
043 |an-cn---
0861 |aR74-36/1977E-PDF
24500|aNative associations north of 60° |h[electronic resource].
260 |a[Ottawa] : |bDept. of Indian Affairs and Northern Development, |c1977.
300 |a[52] p.
500 |aTitle from cover.
500 |aDigitized edition from print [produced by Indigenous and Northern Affairs Canada].
520 |aCompilation of contact details for various native associations in Northern Canada.
69207|2gccst|aAssociations
69207|2gccst|aInuit
7101 |aCanada. |bIndian and Northern Affairs Canada.
85640|qPDF|s2.96 MB|uhttps://publications.gc.ca/collections/collection_2017/aanc-inac/R74-36-1977-eng.pdf